The Mines (Working Facilities & Support) Acts 1966 & 1974 : (Record no. 121646)
[ view plain ]
| 000 -LEADER | |
|---|---|
| fixed length control field | 00736cam a22002173u 4500 |
| 001 - CONTROL NUMBER | |
| control field | 011025558 |
| 005 - DATE AND TIME OF LATEST TRANSACTION | |
| control field | 20230823154611.0 |
| 008 - FIXED-LENGTH DATA ELEMENTS--GENERAL INFORMATION | |
| fixed length control field | 230823s1983 enk || o000 ||eng |
| 020 ## - INTERNATIONAL STANDARD BOOK NUMBER | |
| ISBN | 0854061983 (pbk) |
| 040 ## - CATALOGING SOURCE | |
| Original cataloging agency | Uk |
| 041 ## - LANGUAGE CODE | |
| Language code of text/sound track or separate title | eng |
| 245 04 - TITLE STATEMENT | |
| Title | The Mines (Working Facilities & Support) Acts 1966 & 1974 : |
| Subtitle | a guide for applicants and objectors / |
| Statement of responsibility, etc | [prepared by the Minerals Division of the RICS]. |
| 260 ## - PUBLICATION INFORMATION | |
| Place of publication | London : |
| Publisher | Surveyors Publications, |
| Date | c1983. |
| 651 ## - SUBJECT ADDED ENTRY--GEOGRAPHIC NAME | |
| Geographic name | United Kingdom |
| 710 2# - ADDED CORPORATE NAME | |
| Added corporate author | Royal Institution of Chartered Surveyors. |
| Subordinate unit | Minerals Division. |
| 942 ## - ADDED ENTRY ELEMENTS (KOHA) | |
| Suppress in OPAC | Do not suppress in OPAC |
| 336 ## - CONTENT TYPE | |
| Content type term | text |
| Source | rdacontent |
| 337 ## - MEDIA TYPE | |
| Media type term | unmediated |
| Source | rdamedia |
| 338 ## - CARRIER TYPE | |
| Carrier type term | volume |
| Source | rdacarrier |
| Lost status | Damaged status | Not for loan | Home library | Current library | Shelving location | Date acquired | Total Checkouts | Full call number | Date last seen | Price effective from | Koha item type |
|---|---|---|---|---|---|---|---|---|---|---|---|
| Archives | Archives | RICS Boxes | 23/08/2023 | RICS 1983/64 | 23/08/2023 | 23/08/2023 | Book |